| 000 | 00550nab a2200217 a 4500 | ||
|---|---|---|---|
| 005 | 20210219161259.0 | ||
| 008 | 991125s1985 mx 000 0 spa u | ||
| 035 | _aUPN01000182249 | ||
| 100 | 1 | _aGonzález, Fernando | |
| 222 | 0 | _aAZ : | |
| 222 | 0 | _bREVISTA DE EDUCACION Y CULTURA | |
| 245 | 0 | 3 | _aLa educación en el siglo XXI |
| 260 | _aMéxico | ||
| 300 | _a14-19 | ||
| 362 | 0 | _a2011 No. 43, abr. | |
| 653 | 0 | _aPISA | |
| 653 | 0 | _aEVALUACION EDUCATIVA | |
| 653 | 0 | _aCALIDAD EDUCATIVA | |
| 653 | 0 | _aEDUCACION BASICA | |
| 905 | _aArticulo | ||
| 999 |
_c154352 _d154352 |
||